| 000 | 00476nam a22001817a 4500 | ||
|---|---|---|---|
| 003 | MPLRDC | ||
| 005 | 20220104125613.0 | ||
| 008 | 210129b ||||| |||| 00| 0 eng d | ||
| 020 | _a986-7600-46-0 | ||
| 082 | _a857.85 LQZ | ||
| 100 | _a李清志 文字、摄影 | ||
| 245 |
_a铁道建筑散步 _c |
||
| 250 | _a初版一刷 | ||
| 260 |
_a台湾 _b大块文化出版股份有限公司 _c2004 |
||
| 300 | _b255 | ||
| 650 | _a写实报导小说 | ||
| 942 |
_cBK _o857.85 LQZ |
||
| 999 |
_c28677 _d28667 |
||